ბათუმის შოთა რუსთაველის სახელმწიფო უნივერსიტეტის ბიბლიოთეკა

უცნობი (ბიბ.ჩანაწერი № 49069)

000 -LEADER
fixed length control field 00925nam a2200265Ia 4500
001 - CONTROL NUMBER
control field 15975
003 - CONTROL NUMBER IDENTIFIER
control field GE_BSU
008 - FIXED-LENGTH DATA ELEMENTS--GENERAL INFORMATION
fixed length control field 181216s||||||||xx |||||||||||||| ||und||
020 ## - INTERNATIONAL STANDARD BOOK NUMBER
International Standard Book Number 5-525-00540-90
040 ## - CATALOGING SOURCE
Transcribing agency GE_BSU
080 ## - UNIVERSAL DECIMAL CLASSIFICATION NUMBER
Universal Decimal Classification number 821.353.1(092)
100 ## - MAIN ENTRY--PERSONAL NAME
Personal name ჯავახაძე, ვახტანგ
245 ## - TITLE STATEMENT
Title უცნობი
245 ## - TITLE STATEMENT
Remainder of title აპოლოგია გალაკტიონ ტაბიძისა
245 ## - TITLE STATEMENT
Statement of responsibility, etc. რედ.თ.ყალიჩავა. ჯ.ჭანტურია
260 ## - PUBLICATION, DISTRIBUTION, ETC.
Place of publication, distribution, etc. თბილისი
260 ## - PUBLICATION, DISTRIBUTION, ETC.
Name of publisher, distributor, etc. ნაკადული
260 ## - PUBLICATION, DISTRIBUTION, ETC.
Date of publication, distribution, etc. 1991
300 ## - PHYSICAL DESCRIPTION
Extent 624გვ. ; 20სმ
653 ## - INDEX TERM--UNCONTROLLED
Uncontrolled term აპოლოგია გალაკტიონ ტაბიძისა
653 ## - INDEX TERM--UNCONTROLLED
Uncontrolled term ტაბიძე გალაკტიონ;
653 ## - INDEX TERM--UNCONTROLLED
Uncontrolled term უცნობი
653 ## - INDEX TERM--UNCONTROLLED
Uncontrolled term ქართველი მწერლები;
942 ## - ADDED ENTRY ELEMENTS (KOHA)
Koha item type წიგნი
ეგზემპლარები
Withdrawn status Lost status Damaged status Not for loan Date acquired Barcode Date last seen Price effective from Koha item type Public note
        2018-12-17 39598 2018-12-17 2018-12-17 წიგნი 12ლ.
        2018-12-17 39599 2018-12-17 2018-12-17 წიგნი 12ლ.
        2018-12-17 39600 2018-12-17 2018-12-17 წიგნი 12ლ.
        2018-12-17 39601 2018-12-17 2018-12-17 წიგნი 8ლ.
        2018-12-17 39602 2018-12-17 2018-12-17 წიგნი 12ლ.
        2018-12-17 39603 2018-12-17 2018-12-17 წიგნი 12ლ.
        2018-12-17 39604 2018-12-17 2018-12-17 წიგნი 8ლ.
        2018-12-17 39605 2018-12-17 2018-12-17 წიგნი 12ლ.
        2018-12-17 39606 2018-12-17 2018-12-17 წიგნი 12ლ.
        2018-12-17 39607 2018-12-17 2018-12-17 წიგნი 8ლ.
        2018-12-17 39608 2018-12-17 2018-12-17 წიგნი 8ლ.
        2018-12-17 39609 2018-12-17 2018-12-17 წიგნი 12ლ.
        2018-12-17 39610 2018-12-17 2018-12-17 წიგნი 8ლ.
        2018-12-17 39611 2018-12-17 2018-12-17 წიგნი 8ლ.
        2018-12-17 39612 2018-12-17 2018-12-17 წიგნი 8ლ.
        2018-12-17 39613 2018-12-17 2018-12-17 წიგნი 8ლ.
        2018-12-17 39614 2018-12-17 2018-12-17 წიგნი 12ლ.
        2018-12-17 39615 2018-12-17 2018-12-17 წიგნი 12ლ.
        2018-12-17 39616 2018-12-17 2018-12-17 წიგნი 8ლ.
        2018-12-17 39617 2018-12-17 2018-12-17 წიგნი 12ლ.
        2018-12-17 39618 2018-12-17 2018-12-17 წიგნი 12ლ.
        2018-12-17 39619 2018-12-17 2018-12-17 წიგნი 12ლ.
        2018-12-17 39620 2018-12-17 2018-12-17 წიგნი 8ლ.
        2018-12-17 39621 2018-12-17 2018-12-17 წიგნი 12ლ.